A queda dum anjo (Registo nº 1024)
[ vista simples ]
| 000 -Etiqueta do registo | |
|---|---|
| Cabeçalho | 00717nam0a2200265 4500 |
| 005 - Identificador da versão | |
| Campo de controlo | 20240813121823.0 |
| 010 ## - Número internacional normalizado dos livros (ISBN) | |
| Número (ISBN) | 9789720042132 |
| 021 ## - Número do Depósito Legal | |
| Código do país | PT |
| Número | 198558/03 |
| 100 ## - Dados gerais de processamento | |
| Dados gerais de processamento | 20150601e2007 m y0pory5003 ba |
| 102 ## - Pais de publicação ou produção | |
| País de publicação | Portugal |
| 101 0# - Língua de publicação | |
| Língua do texto, banda sonora, etc. | Português |
| 106 ## - Campo de dados codificados: material textual | |
| Dados codificados do material textual | r |
| 215 ## - Descrição física | |
| Indicação específica da natureza do documento e extensão da espécie | 207 p |
| 200 1# - Titulo e menção de responsabilidade | |
| Título próprio | A queda dum anjo |
| Informação de outro título | romance |
| Primeira menção de responsabilidade | Camilo Castelo Branco |
| 225 2# - Colecção | |
| Título próprio da colecção | Mundo das letras |
| 210 ## - Publicação, Distribuição, etc. | |
| Lugar da edição, distribuição, etc. | Porto |
| Nome do editor, distribuidor, etc. | Porto ed. |
| Data da publicação, distribuição, etc. | 2007 |
| 606 ## - Nome comum usado como assunto | |
| Número de registo de entrada de autoridade | 0002005 |
| Palavra de ordem | Literatura portuguesa |
| Subdivisão de assunto | Romance |
| Código do sistema | CA |
| 675 ## - Classificação Decimal Universal (CDU) | |
| Notação | 821.134.3-31 |
| Edição | 3ª ed. |
| Língua da edição | por |
| 700 #1 - Nome de autor-pessoa física (responsabilidade principal) | |
| Número de registo de entrada de autoridade | 0001388 |
| Palavra de ordem | Castelo Branco |
| Outra parte do nome não tomada para palavra de ordem | Camilo |
| Datas | 1825-1890 |
| 900 ## - | |
| -- | BIBNAC |
| -- | 20090930 |
| 966 ## - Identificação da Biblioteca | |
| Sigla | EB2,3ENM |
| 942 ## - Elementos de entrada adicionados (Koha) | |
| Tipo de item no Koha | Livro |
| Situação do levantamento | Origin of item (home branch) (coded) | Biblioteca de empréstimo | Código de barras | Cota | Circulation type (not for loan) | Tipo de documento | Nota do exemplar | Damaged status |
|---|---|---|---|---|---|---|---|---|
| Biblioteca Escolar Eng. Nuno Mergulhão | Biblioteca Escolar Eng. Nuno Mergulhão | BENM1881 | 82LP-3 CAS | Livro | Sem mensagem |
